| 000 | 00903nam a2200241Ia 4500 | ||
|---|---|---|---|
| 999 |
_c49708 _d49708 |
||
| 001 | 16642 | ||
| 003 | GE_BSU | ||
| 005 | 20200131154701.0 | ||
| 008 | 181216s2009|||| |||||||||||||| ||eng|| | ||
| 020 | _a9781934742389 | ||
| 040 | _cGE_BSU | ||
| 080 | _a376.2 A-10 | ||
| 245 | 2 |
_aA Policy Reader in Universal Design for Learning / _bEdited by: David T. Gordon ; Jenna W. Gravel ; Laura A. Schifte. |
|
| 264 |
_aCambridge : _bHarvard Education Press, _c2009. |
||
| 300 |
_a256 p. ; _c23 cm. |
||
| 653 | _aA Policy Reader in Universal Design for Learning | ||
| 653 | _aინკლუზიური განათლება. | ||
| 653 | _aპედაგოგიკა | ||
| 700 |
_aGordon, David T _eრედაქტორი _96650 |
||
| 700 |
_a Gravel, W. Jenna _eრედაქტორი _96651 |
||
| 700 |
_aSchifte, Laura A _eრედაქტორი _96652 |
||
| 942 |
_cBK _2udc |
||